Statistiques concernant Pays les plus proches d'Andorre

Cliquez ici pour prendre le quiz!

Statistiques générales

  • Ce quiz a été pris 146 fois
  • Le résultat moyen est 18 sur 20

Statistiques - réponses

kmpays% Correct
0Espagne
100%
0France
100%
485Italie
100%
821Belgique
98%
637Portugal
98%
515Suisse
98%
718Allemagne
97%
474Monaco
94%
793Autriche
92%
832Luxembourg
92%
867Maroc
92%
904Royaume-Uni
91%
880Vatican
90%
637Algérie
89%
956Pays-Bas
89%
856Tunisie
87%
784Liechtenstein
86%
873Saint-Marin
86%
996Slovénie
80%
988Croatie
71%

Distribution des résultats

Percentile par nombre de réponses

% des personnes avec chaque résultat

Votre développement - résultats

Vous n’avez pas pris ce quiz